La praxis en la educación popular : caso del proyecto de Lomas de Oblatos /

Uloženo v:
Podrobná bibliografie
Hlavní autor: Joint, Louis Auguste (autor)
Médium: Diplomová práce Kniha
Jazyk:španělština
Témata:
Tagy: Přidat tag
Žádné tagy, Buďte první, kdo vytvoří štítek k tomuto záznamu!

MARC

LEADER 00000nam^a2200000^a^4500
001 000292838
005 20250521000000.0
009 20260310112121.817
037 |a Acervo ITESO - Biblioteca 
041 |a ESP 
090 |a FIL. 82 
100 |a Joint, Louis Auguste  |e (autor) 
245 1 3 |a La praxis en la educación popular :  |b caso del proyecto de Lomas de Oblatos /  |c L.A. Joint. 
264 |a Guadalajara, México :  |b edición de autor,  |c 1990 
300 |a 167 p. 
336 |a texto  |b txt  |2 rdacontenido 
337 |a sin mediación  |b n  |2 rdamedio 
338 |a volumen  |b nc  |2 rdasoporte 
502 |a ITESO Tesis de Licenciatura en Filosofía y Ciencias Sociales 
649 |a XX 
650 |a Educadores Brasileños 
650 |a Educación y Promoción Popular -  |x Teoría 
650 |a Educación y Promoción Popular -  |x Tema Principal 
650 |a Educación y Sociedad 
650 |a Educación y Política 
650 |a Filosofía de la Praxis 
650 |a Sociología de la Educación 
650 |a Guadalajara, Jalisco -  |x Condiciones Sociales y Culturales 
650 |a Jalisco -  |x Condiciones Sociales y Culturales 
650 |a México -  |x Condiciones Sociales y Culturales 
650 |a Freire, Paulo 
910 |a Fondo General 
920 |a Impresos - Tesis del ITESO 
930 |a Colección General 
905 |a 104 
901 |a 0500179189  |b IT2  |c TSS  |i 906699  |u 20250521 
902 |a https://opac.biblio.iteso.mx/vufind/Record/000292838